[Event "World op"]
[Site "Philadelphia"]
[Date "1990.??.??"]
[Round "2"]
[White "Browne, Walter S"]
[Black "Burger, Karl"]
[Result "1-0"]
[WhiteElo "2560"]
[BlackElo "2345"]

1.d4 Nf6 2.c4 e6 3.Nf3 b6 4.g3 Ba6 5.Nbd2 Bb7 6.Bg2 c5 7.e4 cxd4 8.Nxd4 d6
9.O-O Nbd7 10.Re1 a6 11.e5 Bxg2 12.exf6 Qxf6 13.Nxe6 fxe6 14.Kxg2 Nc5 15.Ne4 Nxe4
16.Rxe4 Be7 17.Rf4 Qe5 18.Be3 Rf8 19.Bd4 Qa5 20.Rxf8+ Bxf8 21.Qg4 Kd7 22.Bxg7 Qf5
23.Qxf5 exf5 24.Bxf8 Rxf8 25.Rd1 Rc8 26.Rd4 Ke6 27.Rh4 b5 28.Rh6+ Ke5 29.f4+ Ke4
30.Re6+ Kd3 31.Rxd6+ Kxc4 32.Rxa6 Kb4 33.Kh3 Rc2 34.a3+ Kb3 35.Ra5  1-0

[Event "World op"]
[Site "Philadelphia"]
[Date "1990.??.??"]
[Round "8"]
[White "Glek, Igor V"]
[Black "Browne, Walter S"]
[Result "1/2-1/2"]
[WhiteElo "2535"]
[BlackElo "2560"]

1.e4 c5 2.Nf3 d6 3.d4 cxd4 4.Nxd4 Nf6 5.Nc3 a6 6.Be2 e5 7.Nb3 Be7 8.O-O O-O
9.Kh1 b5 10.a4 Bb7  1/2-1/2

[Event "World op"]
[Site "Philadelphia"]
[Date "1990.??.??"]
[Round "9"]
[White "Browne, Walter S"]
[Black "Hellers, Ferdinand"]
[Result "1/2-1/2"]
[WhiteElo "2560"]
[BlackElo "2525"]

1.d4 Nf6 2.c4 e6 3.Nf3 b6 4.g3 Bb4+ 5.Nbd2 Ba6 6.Qc2 Bb7 7.Bg2 c5 8.a3 Be4
9.Qd1 Bxd2+ 10.Qxd2 Nc6 11.dxc5 bxc5 12.O-O Qb6 13.Qg5 O-O 14.Be3 Nd4 15.Bxd4 cxd4
16.Qd2 Bxf3 17.Bxf3 Rac8 18.Rac1 Rc7 19.b4 d6 20.Rfd1 e5 21.Bg2 Rfc8 22.Bh3  1/2-1/2

[Event "National op"]
[Site "Chicago"]
[Date "1991.??.??"]
[Round "1"]
[White "Browne, Walter S"]
[Black "Marquez, Raul"]
[Result "1-0"]
[WhiteElo "2520"]
[BlackElo "2275"]

1.d4 Nf6 2.c4 c5 3.d5 b5 4.cxb5 a6 5.f3 d6 6.e4 g6 7.Na3 Bg7 8.Ne2 O-O 9.Nc3 Bd7
10.Be2 axb5 11.Naxb5 Na6 12.a4 Qb6 13.O-O Ne8 14.Bg5 f6 15.Be3 Nec7 16.Qd2 Rfb8
17.Ra3 Qa5 18.f4 f5 19.e5 Ne8 20.e6 Bc8 21.g4 Nb4 22.gxf5 gxf5 23.Raa1 Nf6
24.Rad1 Bb7 25.Bf3 Kh8 26.Kh1 Rg8 27.Bf2 Raf8 28.Bh4 Qa8 29.b3 Bh6 30.Na3 Rg7
31.Nc4 Qe8 32.Nb6 Nh5 33.Ne2 Rfg8 34.Rg1 Rxg1+ 35.Rxg1 Rxg1+ 36.Kxg1 Ba6
37.Nc4 Qg6+ 38.Kh1 Nf6 39.Ng3 Bb7 40.Nb6 Bg7 41.a5 Qe8 42.Nxf5 Qb5 43.Qg2 Ne8
44.Nc4 Nxd5 45.Bxd5 Qxb3 46.Bxb7 Qb1+ 47.Be1 Qxf5 48.Qe2 Qb1 49.Be4 Qb5 50.Qd3 Nf6
51.Nxd6  1-0

[Event "USA-op Los Angeles"]
[Site "Los Angeles"]
[Date "1991.??.??"]
[Round "?"]
[White "Browne, Walter S"]
[Black "Young, Angelo"]
[Result "1-0"]
[WhiteElo "2525"]
[BlackElo "2245"]

1.d4 e6 2.c4 Bb4+ 3.Nd2 d5 4.Qa4+ Nc6 5.e3 Nf6 6.Nf3 O-O 7.Qc2 Ne4 8.Bd3 f5
9.a3 Bxd2+ 10.Bxd2 a5 11.O-O Qf6 12.b4 axb4 13.axb4 Rxa1 14.Rxa1 Nxd2 15.Qxd2 g5
16.cxd5 exd5 17.b5 Nd8 18.Qc2 Ne6 19.Ra8 Kg7 20.Bxf5 Nxd4 21.Nxd4 Bxf5 22.Rxf8  1-0

[Event "USA-op Los Angeles"]
[Site "Los Angeles"]
[Date "1991.??.??"]
[Round "?"]
[White "Henao, Raul Fernando"]
[Black "Browne, Walter S"]
[Result "0-1"]
[WhiteElo "2370"]
[BlackElo "2525"]

1.e4 c5 2.Nf3 d6 3.d4 cxd4 4.Nxd4 Nf6 5.Nc3 a6 6.f4 e5 7.Nf3 Nbd7 8.Bd3 b5
9.a3 Be7 10.O-O O-O 11.Kh1 Re8 12.fxe5 dxe5 13.Qe1 Bb7 14.Bg5 Qb6 15.Nh4 g6
16.Nf3 Nh5 17.Bxe7 Rxe7 18.a4 Nc5 19.Qh4 Rae8 20.Rad1 b4 21.Ne2 Nxa4 22.Ng5 f6
23.Bc4+ Kg7 24.Nxh7 Nxb2 25.Nxf6 Nxf6 26.Ng3 Nxc4 27.Qg5 Nh7  0-1

[Event "USA-op Los Angeles"]
[Site "Los Angeles"]
[Date "1991.??.??"]
[Round "?"]
[White "Duckworth, William  Mark"]
[Black "Browne, Walter S"]
[Result "0-1"]
[WhiteElo "2300"]
[BlackElo "2525"]

1.e4 c5 2.Nf3 d6 3.d4 cxd4 4.Qxd4 a6 5.c4 Nc6 6.Qd1 g6 7.Be2 Bg7 8.h3 Nf6
9.Nc3 O-O 10.Be3 Be6 11.O-O Rc8 12.Rc1 Qa5 13.Nd2 Nd7 14.Nb3 Qd8 15.Qd2 b6
16.Nd5 Nc5 17.Bd3 Nxd3 18.Bxb6 Nxc1 19.Bxd8 Nxb3 20.axb3 Rfxd8 21.Ra1 a5
22.Ne3 Rb8 23.Ra3 Bd4 24.Kh2 Bc5 25.f4 Bxa3 26.bxa3 f6 27.h4 Rxb3 28.h5 gxh5
29.Nd5 Kh8 30.Qd1 Rb2 31.Qa1 Rdb8 32.Nc7 Bxc4 33.Qc1 R2b7 34.Nd5 Bxd5 35.exd5 Nd4
36.Qc4 Nb3 37.Qe2 Nc5 38.Qe1 a4 39.Qe3 Rg8 40.f5 Rg5 41.Qf2 Kg7 42.Qc2 Kf7
43.Kg1 Rb3 44.Kh1 Rxa3 45.Qd2 Ne4 46.Qb2 Re3 47.Qa1 h4 48.Qc1 Re2 49.Qa1 h3  0-1

[Event "Philadelphia World op"]
[Site "Philadelphia"]
[Date "1991.??.??"]
[Round "?"]
[White "Browne, Walter S"]
[Black "Zlotnikov, Mikhail"]
[Result "1-0"]
[WhiteElo "2525"]
[BlackElo "2340"]

1.d4 Nf6 2.c4 g6 3.Nc3 Bg7 4.e4 d6 5.Nf3 O-O 6.Be2 Nc6 7.O-O a6 8.d5 Nb8
9.Bg5 Bg4 10.h3 Bxf3 11.Bxf3 c6 12.Rc1 Nbd7 13.Qd2 Rc8 14.Rfe1 Ne5 15.Be2 cxd5
16.cxd5 b5 17.Qe3 Re8 18.a4 Nc4 19.Bxc4 Rxc4 20.axb5 axb5 21.Qd3 Nd7 22.Nxb5 Rb4
23.Na7 Rxb2 24.Rc8 Qxc8 25.Nxc8 Rxc8 26.Bxe7 Rcc2 27.Rf1 Be5 28.Qa6 Kg7 29.Bxd6 Bd4
30.Bg3 Nc5 31.Qd6 Nd3 32.e5 Rb6 33.Qe7 Ra6 34.d6  1-0

[Event "Philadelphia World op"]
[Site "Philadelphia"]
[Date "1991.??.??"]
[Round "?"]
[White "Silman, Jeremy D"]
[Black "Browne, Walter S"]
[Result "1/2-1/2"]
[WhiteElo "2390"]
[BlackElo "2525"]

1.d4 Nf6 2.c4 e6 3.Nc3 Bb4 4.Qc2 O-O 5.a3 Bxc3+ 6.Qxc3 b6 7.Bg5 Bb7 8.e3 c5
9.dxc5 bxc5 10.f3 Nc6 11.Nh3 d5 12.Bxf6 gxf6 13.cxd5 exd5 14.Qxc5 Re8 15.O-O-O Rc8
16.Kb1 Re5 17.f4 Na5 18.Qxa7 Re4 19.Bd3 Ra8 20.Qc5 Rc8 21.Qa7  1/2-1/2

[Event "Philadelphia World op"]
[Site "Philadelphia"]
[Date "1991.??.??"]
[Round "3"]
[White "Browne, Walter S"]
[Black "Brownscombe, Tom"]
[Result "1-0"]
[WhiteElo "2525"]
[BlackElo "2280"]

1.d4 Nf6 2.c4 e6 3.Nf3 c5 4.d5 exd5 5.cxd5 d6 6.Nc3 g6 7.e4 Bg7 8.h3 O-O
9.Bd3 Re8 10.O-O a6 11.a4 c4 12.Bc2 Nbd7 13.Re1 Qc7 14.Be3 Nc5 15.Bd4 Bd7
16.e5 dxe5 17.Bxe5 Qd8 18.Qd4 Rc8 19.d6 Bc6 20.Qxc5 Bxf3 21.Qd4 Bc6 22.a5 Rxe5
23.Qxe5 Ne4 24.Qf4 Nxc3 25.bxc3 Bxc3 26.Re7 Qf8 27.Rd1 Bxa5 28.Be4 Bb4 29.Bxc6 bxc6
30.Rb7 a5 31.Qxc4 Rd8 32.d7 c5 33.Qb5 Kg7 34.Rc7 h6 35.Qc6  1-0

[Event "San Francisco"]
[Site "San Francisco"]
[Date "1991.??.??"]
[Round "11"]
[White "Grefe, John A"]
[Black "Browne, Walter S"]
[Result "1/2-1/2"]
[WhiteElo "2385"]
[BlackElo "2500"]

1.f4 d5 2.Nf3 g6 3.g3 c5 4.Bg2 Bg7 5.O-O Nc6 6.d3 Nf6 7.Nc3 d4 8.Na4 Qd6
9.e4 dxe3 10.Bxe3 Nd4 11.Ne5 Nd7 12.Nxd7 Bxd7 13.c3 O-O 14.cxd4 cxd4 15.Bd2 b5
16.Nc5 Qxc5 17.Rc1 Qd6 18.Bxa8 Rxa8 19.Qf3 Re8 20.a3 Bf5 21.Bb4 Qd7 22.Ba5 e5
23.Rc7 Qe6 24.fxe5 Bxe5 25.Re1 Qb3 26.Rc5 f6 27.Qc6 Rc8 28.Rxb5 Qxd3 29.Qd5+ Kh8
30.Rc5 Rxc5 31.Qxc5 Kg7 32.Qe7+ Kh6 33.Rxe5 fxe5 34.Qh4+ Kg7  1/2-1/2

[Event "Linares NL"]
[Site "Linares"]
[Date "1992.??.??"]
[Round "?"]
[White "Martin del Campo, Roberto"]
[Black "Browne, Walter S"]
[Result "0-1"]
[WhiteElo "2425"]
[BlackElo "2515"]

1.e4 c5 2.Nf3 d6 3.d4 cxd4 4.Nxd4 Nf6 5.Nc3 a6 6.Bg5 e6 7.f4 Nc6 8.Nb3 h6
9.Bh4 Be7 10.Qf3 g5 11.Bg3 gxf4 12.Bxf4 Ne5 13.Bxe5 dxe5 14.Bd3 Bd7 15.O-O-O Qc7
16.Rhf1 Rg8 17.Ne2 O-O-O 18.Ng3 Bc6 19.Kb1 Rg6 20.Qe3 Rdg8 21.Be2 Kb8 22.Bf3 h5
23.Nh1 Ng4 24.Qg1 Ba4 25.Bxg4 Bxb3 26.axb3 Bc5 27.Rxf7 Qxf7 28.Qxc5 Rxg4
29.Qxe5+ Qc7 30.Qxc7+ Kxc7 31.g3 Rxe4 32.Nf2 Re2 33.Nd3 Rxh2 34.Nf4 e5 35.Nd5+ Kb8
36.Nf6 Rxg3 37.Nd7+ Kc8 38.Nxe5 h4 39.Rf1 h3 40.Rf8+ Kc7 41.Rf7+ Kd6 42.Nc4+ Ke6  0-1

[Event "Linares NL"]
[Site "Linares"]
[Date "1992.??.??"]
[Round "?"]
[White "Zapata, Alonso"]
[Black "Browne, Walter S"]
[Result "1-0"]
[WhiteElo "2530"]
[BlackElo "2515"]

1.e4 c5 2.Nf3 d6 3.d4 cxd4 4.Nxd4 Nf6 5.Nc3 a6 6.Be2 e5 7.Nb3 Be7 8.O-O O-O
9.Be3 Be6 10.Qd2 b5 11.a4 b4 12.Nd5 Nxe4 13.Nxe7+ Qxe7 14.Qxb4 Nf6 15.Qh4 Qc7
16.c4 Nbd7 17.Nd2 Rab8 18.f4 exf4 19.Bd4 Ne5 20.Qxf4 Nfd7 21.Ra3 Nc5 22.Rg3 Ng6
23.Qf3 Bd7 24.b3 Ne6 25.Ba1 Rbe8 26.Bd3 Qc5+ 27.Kh1 Ng5 28.Qd1 f6 29.Qb1 Ne5
30.h4 Ng4 31.b4 Qa7 32.hxg5 Nf2+ 33.Kh2  1-0

[Event "Linares NL"]
[Site "Linares"]
[Date "1992.??.??"]
[Round "?"]
[White "Garmendez, Florentino"]
[Black "Browne, Walter S"]
[Result "0-1"]
[WhiteElo "2325"]
[BlackElo "2515"]

1.d4 Nf6 2.c4 g6 3.Nc3 Bg7 4.e4 d6 5.Nge2 O-O 6.Ng3 c5 7.d5 e6 8.Be2 exd5
9.cxd5 Re8 10.O-O a6 11.a4 Nbd7 12.Kh1 Rb8 13.Bg5 h6 14.Be3 h5 15.Bg5 Qb6
16.Qd2 Nh7 17.Bxh5 Nxg5 18.Qxg5 Qxb2 19.Rac1 Bxc3 20.Bxg6 Bd2 21.Bxf7+ Kxf7
22.Qh5+ Kf8 23.f4 Qg7 24.Rcd1 Nf6 25.Qh4 Ba5 26.e5 Bd8 27.Ne2 Ne4 28.Qe1 Bg4
29.Rd3 Ba5 30.Qd1 Nc3 31.Qc2 Nxe2 32.Re3 Nd4 33.Qf2 Nf5 34.Ra3 Bd8 35.Qc2 Qg6
36.Kg1 c4 37.h3 Bb6+ 38.Kh2 Qh5 39.Qe4 Bc5 40.Rc3 b5 41.e6 Ke7 42.axb5 axb5
43.Rb1 Rg8 44.Qc2  0-1

[Event "World op"]
[Site "Philadelphia"]
[Date "1992.??.??"]
[Round "1"]
[White "Browne, Walter S"]
[Black "Schleinkofer, K."]
[Result "1-0"]
[WhiteElo "2530"]
[BlackElo "2290"]

1.d4 d5 2.c4 e6 3.Nc3 Be7 4.Nf3 Nf6 5.Bg5 h6 6.Bxf6 Bxf6 7.e3 b6 8.cxd5 exd5
9.Rc1 Be6 10.Be2 O-O 11.O-O Nd7 12.Bb5 Nb8 13.Ne5 Qd6 14.f4 Bf5 15.a3 Be7
16.Qb3 c6 17.Bxc6 Nxc6 18.Nb5 Nxd4 19.exd4 Qd8 20.Nc6 Qd7 21.Ne5 Qd8 22.Nc7 Rc8
23.Nxd5 Bd6 24.Ne3 Rxc1 25.Rxc1 Be4 26.g3 Qe7 27.Qc4 Bb7 28.Re1 Rc8 29.Nf5 Qf6
30.Qxf7+ Qxf7 31.Nxf7 Bf8 32.N7d6 Rc7 33.Nxb7 Rxb7 34.Kf2 Rf7 35.Ne3 g5 36.Kf3 gxf4
37.gxf4 Bg7 38.Rd1 h5 39.Rd2 Bh6 40.Nd5 Rf8 41.Rc2 Bg7 42.Nc7 Rc8 43.Ke4 Kf7
44.Rc6 Bf6 45.b4 Bd8 46.Ne6 Rb8 47.Kf5 Be7 48.d5 Ke8 49.d6 Kd7 50.dxe7 Kxc6
51.Ng7 Kd7 52.e8=Q+ Rxe8 53.Nxe8  1-0

[Event "Philadelphia opI"]
[Site "Philadelphia"]
[Date "1992.??.??"]
[Round "4"]
[White "Browne, Walter S"]
[Black "Delaune, Richard K"]
[Result "1-0"]
[WhiteElo "2530"]
[BlackElo "2355"]

1.d4 e6 2.c4 Nf6 3.Nf3 b6 4.g3 Bb7 5.Bg2 Be7 6.Nc3 Ne4 7.Bd2 O-O 8.O-O Bf6
9.Rc1 c5 10.d5 Nxd2 11.Nxd2 e5 12.Nde4 d6 13.Nxf6+ Qxf6 14.Ne4 Qe7 15.f4 Nd7
16.f5 f6 17.Qd2 Rad8 18.a4 Ba6 19.Rc3 Rb8 20.g4 Bc8 21.Rg3 a6 22.Qd3 Rb7
23.b3 Kh8 24.h4 b5 25.axb5 axb5 26.cxb5 Nb6 27.Ra1 Rb8 28.Nc3 Qc7 29.Qd2 Bd7
30.Ra6 Nc8 31.Qd3 Qb7 32.Rc6 Bxc6 33.dxc6 Qb6 34.Kh2 Na7 35.Na4 Qxb5 36.Qxd6 c4
37.Nc5 Rbd8 38.Nd7 cxb3 39.g5 fxg5 40.f6 gxf6 41.hxg5 b2 42.g6 hxg6 43.Rh3+ Kg7
44.Qe7+ Rf7 45.Qxd8  1-0

[Event "World op"]
[Site "Philadelphia"]
[Date "1992.??.??"]
[Round "6"]
[White "Browne, Walter S"]
[Black "Frias, Victor J"]
[Result "1-0"]
[WhiteElo "2530"]
[BlackElo "2460"]

1.d4 Nf6 2.c4 c5 3.d5 g6 4.Nc3 Bg7 5.e4 d6 6.Bd3 O-O 7.h3 e6 8.Nf3 exd5 9.cxd5 b5
10.Nxb5 Nxe4 11.Bxe4 Re8 12.Ng5 h6 13.Ne6 Qa5+ 14.Nc3 Bxc3+ 15.bxc3 Qxc3+
16.Bd2 Qe5 17.O-O Bxe6 18.dxe6 Qxe4 19.exf7+ Kxf7 20.Re1 Qd5 21.Qa4 Nc6 22.Qf4+ Kg8
23.Qxh6 Qh5 24.Qf4 Ne5 25.Bc3 Qf5 26.Qd2 Nf7 27.Re3 Rxe3 28.Qxe3 Rc8 29.Rd1 d5
30.g4 d4 31.gxf5 dxe3 32.fxg6 exf2+ 33.Kxf2 Ng5 34.Ke3 Re8+ 35.Kf4 Nxh3+
36.Kf5 Rf8+ 37.Bf6 Nf4 38.Rh1 Rxf6+ 39.Kxf6 Nd5+ 40.Kg5 c4 41.Rh4 Nb6 42.Kh6  1-0

[Event "Reno op"]
[Site "Reno"]
[Date "1992.??.??"]
[Round "2"]
[White "Gobet, Fernand"]
[Black "Browne, Walter S"]
[Result "0-1"]
[WhiteElo "2390"]
[BlackElo "2515"]

1.e4 c5 2.Nf3 d6 3.d4 cxd4 4.Qxd4 a6 5.Be3 Nc6 6.Qb6 Qxb6 7.Bxb6 Nf6 8.Nc3 Bg4
9.Be2 Rc8 10.h3 Bxf3 11.gxf3 g6 12.O-O-O Bg7 13.Kb1 Nd8 14.Nd5 Ne6 15.Be3 Nxd5
16.Rxd5 Be5 17.h4 h5 18.Rd3 Kf8 19.Rb3 Rc7 20.Bb6 Rd7 21.Bf1 Nf4 22.Be3 Kg7
23.a4 e6 24.Rg1 Rc8 25.Bd3 f6 26.Bxf4 Bxf4 27.e5 f5 28.exd6 Bxd6 29.Rb6 Kf7
30.Rb3 Be7 31.Rh1 Rcc7 32.Rc3 Rxc3 33.bxc3 Rc7 34.c4 Rd7 35.Ka2 Rd4 36.Rb1 Rd7
37.Rh1 a5 38.Kb3 Rd4 39.Ka2 b6 40.Rb1 Bc5 41.Rh1 Rf4  0-1

[Event "Linares NL"]
[Site "Linares"]
[Date "1993.??.??"]
[Round "2"]
[White "Zapata, Alonso"]
[Black "Browne, Walter S"]
[Result "1/2-1/2"]
[WhiteElo "2580"]
[BlackElo "2525"]

1.e4 c5 2.Nf3 d6 3.d4 cxd4 4.Nxd4 Nf6 5.Nc3 a6 6.Bc4 e6 7.Bb3 b5 8.O-O Be7
9.Qf3 Qb6 10.Be3 Qb7 11.Qg3 Nc6 12.Nxc6 Qxc6 13.Rfe1 Bb7 14.Rad1 Nxe4 15.Nxe4 Qxe4
16.Bf4 Qg6 17.Qxg6 hxg6 18.Bxd6 Rd8 19.Bc7 Rd7 20.Be5 Bf6 21.Rxd7 Kxd7 22.Rd1+ Kc8
23.Bxf6 gxf6 24.c4 Bc6 25.cxb5 axb5 26.f3 g5 27.Rd4 Kc7 28.a3 Kb6 29.Rd3 f5
30.Ba2 g4 31.f4 Be4 32.Rd2 Kc7 33.Bb3 Kc6 34.a4 bxa4 35.Bxa4+ Kc5 36.Bb3 Rb8
37.Bd1 Rh8 38.Bb3 Rb8 39.Bd1 f6 40.Kf2 e5 41.Ke3 Rb4 42.g3 Bb1 43.Rf2 Re4+
44.Kd2 Rd4+ 45.Ke1 Be4 46.Rd2 Rb4 47.Kf2 Bd5 48.fxe5 fxe5 49.Be2 Kd6 50.Bd1 e4
51.Ke3 Ke5 52.Kf2 Bb3 53.Be2 Be6 54.Bd1 f4 55.gxf4+ Kxf4 56.Ke1 e3 57.Rd6 Bb3
58.Be2 Ra4 59.Ra6 Rd4 60.Rf6+ Ke5 61.Rg6 Be6 62.Rg5+ Bf5 63.b3 Kf6 64.Rg8 Be6
65.Re8 Kf7 66.Rb8 Ke7 67.Bc4 Bxc4 68.bxc4 Rxc4 69.Rb3 Rc1+  1/2-1/2

[Event "Linares NL"]
[Site "Linares"]
[Date "1993.??.??"]
[Round "10"]
[White "Garcia, Gildardo"]
[Black "Browne, Walter S"]
[Result "1-0"]
[WhiteElo "2520"]
[BlackElo "2525"]

1.e4 c5 2.Nf3 d6 3.d4 cxd4 4.Nxd4 Nf6 5.Nc3 a6 6.Bg5 e6 7.f4 Nc6 8.Qd2 h6
9.Bxf6 Qxf6 10.Nf3 Qd8 11.O-O-O Bd7 12.f5 Qa5 13.Bc4 Be7 14.Kb1 O-O-O 15.Rhe1 Rhe8
16.Bb3 Kb8 17.Qf2 Qc7 18.fxe6 fxe6 19.Na4 Na5 20.Nb6 Bf6 21.Nxd7+ Rxd7 22.Ba4 Nc6
23.c3 Red8 24.Nd4 Re7 25.Bxc6 Bxd4 26.cxd4 Qxc6 27.d5 exd5 28.exd5 Rxe1 29.dxc6 Rxd1+
30.Kc2 Rd5 31.Qb6 Rc5+ 32.Kd3 Rd5+ 33.Kc4 Rc5+ 34.Kd4  1-0

[Event "California op"]
[Site "Los Angels"]
[Date "1993.??.??"]
[Round "?"]
[White "Browne, Walter S"]
[Black "McCambridge, Vincent"]
[Result "0-1"]
[WhiteElo "2525"]
[BlackElo "2475"]

1.d4 e6 2.c4 Bb4+ 3.Nd2 f5 4.g3 Nf6 5.Bg2 d5 6.Nf3 c6 7.a3 Bd6 8.b4 a5 9.Rb1 axb4
10.axb4 b5 11.c5 Bc7 12.Ne5 Bb7 13.Bb2 Nbd7 14.Nd3 O-O 15.O-O Ng4 16.Nf3 Qe7
17.Nfe5 Ndxe5 18.dxe5 g5 19.Qd2 Qg7 20.Bd4 f4 21.Bh3 h5 22.f3 Nxe5 23.Qc3 g4
24.Bg2 Ra3 25.Qxa3 Nxf3+ 26.exf3 Qxd4+ 27.Kh1 h4 28.gxh4 e5 29.Nf2 gxf3 30.Bxf3 e4
31.Rbd1 Qf6 32.Rg1+ Kh8 33.Ng4 Qg7 34.Be2 f3 35.Bf1 Bc8 36.h3 Kh7 37.Qc1 Rf4
38.Qe3 Bxg4 39.hxg4 Rxg4 40.Bh3 Qe5 41.Rd2 Rxh4  0-1

[Event "World op"]
[Site "Philadelphia"]
[Date "1993.??.??"]
[Round "?"]
[White "Castaneda, Alberto"]
[Black "Browne, Walter S"]
[Result "0-1"]
[WhiteElo "2245"]
[BlackElo "2515"]

1.e4 c5 2.Nf3 d6 3.d4 cxd4 4.Nxd4 Nf6 5.Nc3 a6 6.Be2 e5 7.Nb3 Be7 8.a4 Nc6
9.f4 O-O 10.O-O Nb4 11.Kh1 Bd7 12.a5  0-1

[Event "World op"]
[Site "Philadelphia"]
[Date "1993.??.??"]
[Round "9"]
[White "Browne, Walter S"]
[Black "Gurevich, Dmitry"]
[Result "1-0"]
[WhiteElo "2515"]
[BlackElo "2575"]

1.d4 Nf6 2.c4 e6 3.Nf3 c5 4.d5 exd5 5.cxd5 d6 6.Nc3 g6 7.e4 Bg7 8.h3 O-O
9.Bd3 Bd7 10.O-O b5 11.a3 Na6 12.Re1 c4 13.Bc2 Nc5 14.Bf4 Qb6 15.e5 dxe5
16.Nxe5 Rad8 17.Qf3 a5 18.Be3 Rc8 19.Ne4 Rfd8 20.Nxc5 Rxc5 21.Rad1 Qd6 22.Bxc5 Qxc5
23.d6 b4 24.Qe3 Qxe3 25.Rxe3 b3 26.Bb1 Be6 27.Nc6 Rd7 28.Nxa5 Nd5 29.Rxe6 fxe6
30.Nxc4 Nf4 31.Kf1 e5 32.Be4 Kf8 33.Nb6 Rd8 34.a4 Ne6 35.a5 Nc5 36.f3 Bh6
37.Rd5 Nd7 38.Nc4 Ke8 39.Nxe5 Rc8 40.a6 Rc1+ 41.Ke2 Ra1 42.Nxd7 Kxd7 43.Bd3 Bf4
44.Bb5+ Kd8 45.Kd3 Rb1 46.Ke4 g5 47.a7 Ra1 48.g3  1-0

[Event "Las Vegas op"]
[Site "Las Vegas"]
[Date "1994.??.??"]
[Round "?"]
[White "Browne, Walter S"]
[Black "Wolski, Thomas"]
[Result "1-0"]
[WhiteElo "2510"]
[BlackElo "2295"]

1.d4 d6 2.e4 Nf6 3.Nc3 g6 4.Nf3 Bg7 5.Be2 O-O 6.O-O a6 7.Re1 b6 8.e5 Ne8
9.Bf4 d5 10.h4 Bg4 11.Ng5 Bxe2 12.Qxe2 h6 13.Nh3 e6 14.h5 g5 15.Bh2 c5 16.dxc5 bxc5
17.f4 gxf4 18.Bxf4 Qh4 19.Rad1 Nc6 20.Rd3 Rb8 21.b3 Nc7 22.Kh2 Rb4 23.Rf1 Nb5
24.Nxb5 axb5 25.g3 Re4 26.Qd1 Qe7 27.Nf2 Rxe5 28.Bxe5 Nxe5 29.Re3 Qg5 30.Qe2 Ra8
31.Kg2 Nc6 32.Nh3 Qe7 33.Qxb5 Nd4 34.Qd3 Rxa2 35.Rf2 Qb7 36.Kh2 Ra1 37.g4 c4
38.bxc4 Qc7+ 39.Kg2 dxc4 40.Qe4 Qe7 41.c3 Nb5 42.Qc6 Nxc3 43.Qc8+ Qf8 44.Qxf8+ Kxf8
45.Rxe6 Nd1 46.Rf3 Bd4 47.g5 hxg5 48.Nxg5 Ne3+ 49.Rfxe3 Bxe3 50.Rxe3 Ra7
51.Rg3 c3 52.Nh7+ Ke7 53.Rxc3 Kd6 54.Nf6  1-0

[Event "Linares NL"]
[Site "Linares"]
[Date "1994.??.??"]
[Round "8"]
[White "Hernandez, Gilberto"]
[Black "Browne, Walter S"]
[Result "1/2-1/2"]
[WhiteElo "2510"]
[BlackElo "2535"]

1.e4 c5 2.Nf3 d6 3.d4 cxd4 4.Nxd4 Nf6 5.Nc3 a6 6.Bc4 e6 7.Bb3 Nbd7 8.f4 Nc5
9.O-O Be7 10.e5 dxe5 11.fxe5 Nfd7 12.Qh5 g6 13.Qe2 Bf8 14.Nf3 Bg7 15.Bg5 Qc7
16.Ne4 Nxe4 17.Qxe4 Nxe5 18.Nxe5 Bxe5 19.Ba4+ Kf8 20.Rae1 Bg7 21.Rd1 f5 22.Qb4+ Kf7
23.Rd7+ Bxd7 24.Qe7+ Kg8 25.Bxd7 Qb6+ 26.Kh1 h6 27.Bxe6+ Kh7 28.Bxh6 Qd4
29.Bxg7 Qxg7 30.Qh4+ Qh6 31.Qe7+  1/2-1/2

[Event "World op"]
[Site "Philadelphia"]
[Date "1994.??.??"]
[Round "?"]
[White "Levin, David"]
[Black "Browne, Walter S"]
[Result "0-1"]
[WhiteElo "2285"]
[BlackElo "2510"]

1.d4 Nf6 2.c4 e6 3.Nf3 b6 4.g3 Ba6 5.Qa4 Bb7 6.Bg2 c5 7.dxc5 Bxc5 8.O-O O-O
9.Nc3 Be7 10.Rd1 Na6 11.Bf4 Nc5 12.Qc2 Qc8 13.Rac1 Nce4 14.Nxe4 Bxe4 15.Qd2 Qa6
16.Be5 Qxa2 17.Qf4 d5 18.Nd2 Bxg2 19.Ra1 Qxa1 20.Rxa1 Bh3 21.Bc3 dxc4 22.Qh4 Bf5
23.Qxc4 Rfc8 24.Rxa7 Bh3 25.Qa6 Rxa7 26.Qxa7 Nd5 27.Qa6 Rd8 28.Qc4 b5 29.Qa2 b4
30.Be5 f6 31.e4 Ne3 32.fxe3 Rxd2 33.Bd4 Rg2+ 34.Kh1 Rf2  0-1

[Event "World op"]
[Site "Philadelphia"]
[Date "1994.??.??"]
[Round "?"]
[White "Mulyar, Michael A"]
[Black "Browne, Walter S"]
[Result "0-1"]
[WhiteElo "2245"]
[BlackElo "2510"]

1.d4 Nf6 2.c4 e6 3.Nc3 Bb4 4.Qb3 c5 5.Nf3 Nc6 6.dxc5 Ne4 7.Bd2 Nxd2 8.Nxd2 O-O
9.e3 f5 10.Nf3 Bxc5 11.Be2 b6 12.O-O Bb7 13.Na4 Be7 14.Rfd1 Rc8 15.Qd3 d6
16.c5 bxc5 17.Qb3 Na5 18.Qxe6+ Kh8 19.Ne5 Qe8 20.Nd7 Rf7 21.b4 Nc6 22.Bb5 a6
23.Bxc6 Bxc6 24.Nab6 Rd8 25.bxc5 Bxd7 26.Nxd7 Rxd7 27.Rxd6 Rc7 28.Rad1 Rf8
29.Rd7 Rxd7 30.Rxd7 Bxc5 31.Qd5 Qc8 32.h4 h6 33.h5 a5  0-1

[Event "Reno op"]
[Site "Reno"]
[Date "1994.??.??"]
[Round "?"]
[White "Browne, Walter S"]
[Black "Yedidia, Jonathan"]
[Result "1/2-1/2"]
[WhiteElo "2510"]
[BlackElo "2360"]

1.d4 f5 2.g3 Nf6 3.Bg2 d6 4.Nf3 g6 5.c4 Bg7 6.Nc3 O-O 7.O-O Qe8 8.d5 Na6
9.Rb1 c5 10.dxc6 bxc6 11.b4 Bb7 12.Nd4 Qd7 13.b5 cxb5 14.Bxb7 Qxb7 15.Ne6 Rfc8
16.Nxg7 Kxg7 17.Nxb5 Qe4 18.Bb2 Kf7 19.Rc1 Nc5 20.Bd4 Qe6 21.Ba1 Ncd7 22.Nd4 Qe4
23.Nf3 Qc6 24.Qb3 Qb6 25.Qd3 h6 26.Qd2 Rh8 27.Nd4 Rac8 28.Nb3 a6 29.Bxf6 Nxf6
30.c5 Ne4 31.Qd5+ e6 32.Qd4 dxc5 33.Nxc5 Qd6 34.Qxd6 Nxd6 35.Rfd1 Ke7 36.Rd4 Rc7
37.Rcd1 Rd8 38.Nxa6 Rc2 39.Nb4 Rc5 40.Nd3 Ra5 41.Nb4 Rc5 42.Nd3 Ra5 43.Nf4 g5
44.Ng6+ Kf6 45.Rxd6 Rxd6 46.Rxd6 Kxg6 47.Rxe6+ Kg7 48.f4 Rxa2 49.Kf2 Ra3
50.h4 gxf4 51.gxf4 h5 52.Re5 Kf6 53.Re8 Rh3 54.Rf8+ Ke6 55.Re8+  1/2-1/2

[Event "Reno op"]
[Site "Reno"]
[Date "1994.??.??"]
[Round "?"]
[White "Browne, Walter S"]
[Black "Saidy, Anthony Fred"]
[Result "1/2-1/2"]
[WhiteElo "2510"]
[BlackElo "2415"]

1.d4 e6 2.c4 Nf6 3.Nf3 b6 4.g3 Bb7 5.Bg2 Be7 6.Nc3 Ne4 7.Bd2 Bf6 8.Qc2 Nxd2
9.Qxd2 d6 10.d5 e5 11.h4 Nd7 12.e4 a5 13.Bh3 Nc5 14.O-O Bc8 15.Bxc8 Qxc8
16.Kg2 O-O 17.Qe3 Qg4 18.Rh1 Be7 19.Nd2 f5 20.exf5 Rxf5 21.f3 Qg6 22.Nce4 Nd7
23.Raf1 Raf8 24.Rf2 h5 25.a4 Qf7 26.b3 g6 27.Kf1 Kg7 28.Ke2 Qe8 29.Rg2 Rh8
30.Rhg1 Qf7 31.Qf2 Nf8 32.Nf1 Qe8 33.Ne3 Rf7 34.g4 Qd8 35.Nf5+ Kg8 36.Qe3 hxg4
37.fxg4 Rfh7 38.h5 gxf5 39.gxf5+ Kf7 40.f6 Bxf6 41.Nxf6 Qxf6 42.Rf2 Rxh5
43.Rxf6+ Kxf6 44.Qg3 Ke7 45.Qg7+ Kd8 46.c5 bxc5 47.Qf6+ Kc8 48.Rg7 Nd7 49.Qe6 Rd8
50.Qg4 Rh1 51.Rf7 Rb1 52.Qc4 Rb2+ 53.Kd1 Rg8 54.Kc1 Rh2 55.Qa6+ Kb8 56.Rf1  1/2-1/2

[Event "Reno op"]
[Site "Reno"]
[Date "1994.??.??"]
[Round "?"]
[White "Kelson, Richard"]
[Black "Browne, Walter S"]
[Result "0-1"]
[WhiteElo "2315"]
[BlackElo "2510"]

1.e4 c5 2.Nf3 d6 3.d4 cxd4 4.Nxd4 Nf6 5.Nc3 a6 6.Bg5 e6 7.f4 Nc6 8.Be2 h6
9.Bh4 Qb6 10.Nb3 Be7 11.Bf2 Qc7 12.a4 b6 13.O-O O-O 14.Qd2 Bb7 15.Qe3 Nb4
16.Bd3 Nd7 17.Qh3 e5 18.f5 d5 19.Nxd5 Bxd5 20.exd5 Nxd5 21.Qf3 N7f6 22.c3 Nf4
23.Bc2 Rad8 24.Rfd1 N4d5 25.Rd2 Nb4 26.Bb1 Rxd2 27.Nxd2 Rd8 28.Ne4 Nbd5 29.Bd3 Nxe4
30.Qxe4 Bc5 31.Bxa6 Bxf2+ 32.Kxf2 Qc5+ 33.Kf1 Nf6 34.Qe2 e4 35.g4 h5 36.h3 Qe5
37.Kg2 hxg4 38.hxg4 Qf4 39.Rf1 Qg5 40.Rf2 Nxg4  0-1

[Event "US-op"]
[Site "Concord"]
[Date "1995.??.??"]
[Round "6"]
[White "Gliksman, David N"]
[Black "Browne, Walter S"]
[Result "1-0"]
[WhiteElo "2265"]
[BlackElo "2560"]

1.e4 c5 2.Nf3 d6 3.d4 cxd4 4.Nxd4 Nf6 5.Nc3 a6 6.Bc4 e6 7.Bb3 Nbd7 8.f4 Nc5
9.e5 Nfd7 10.exd6 Nf6 11.Be3 Qxd6 12.Qf3 Bd7 13.O-O-O Qc7 14.g4 Nxb3+ 15.axb3 Bc6
16.Nxc6 Qxc6 17.Qe2 Be7 18.f5 h5 19.g5 Ne4 20.Nxe4 Qxe4 21.fxe6 fxe6 22.Rhe1 Rd8
23.Rxd8+ Bxd8 24.Bd2 Qxe2 25.Rxe2 O-O 26.c4 Rf1+ 27.Kc2 Kf7 28.h4 Bc7 29.g6+ Kf6
30.Rg2 Bf4 31.Ba5 e5 32.Kd3 Kf5 33.c5 e4+ 34.Kc4 e3 35.Bc3 Ke4 36.Bxg7 Kf3
37.Bc3 Bh6 38.g7 Bxg7 39.Rxg7 e2 40.Rf7+ Kg2 41.Re7 Kf3 42.Rxb7 e1=Q 43.Bxe1 Rxe1
44.c6 Kg4 45.c7 Kxh4 46.Kc5 Rc1+ 47.Kb6 Kg5 48.Rb8  1-0

[Event "US-op"]
[Site "Concord"]
[Date "1995.??.??"]
[Round "8"]
[White "Sanchez, Gabriel"]
[Black "Browne, Walter S"]
[Result "1-0"]
[WhiteElo "2240"]
[BlackElo "2560"]

1.Nf3 c5 2.c4 Nf6 3.g3 b6 4.Bg2 Bb7 5.Nc3 e6 6.O-O Be7 7.Re1 d5 8.cxd5 exd5
9.d4 O-O 10.Bf4 Na6 11.dxc5 Nxc5 12.Nd4 Qd7 13.Rc1 Rac8 14.Rc2 Rfe8 15.Nf3 Nce4
16.Ne5 Qf5 17.Nxe4 Rxc2 18.Qxc2 dxe4 19.Nc4 Qe6 20.b3 Rc8 21.Qb1 b5 22.Nd2 Bc5
23.Nf1 Ng4 24.e3 Bb4 25.Rc1 Bc3 26.b4 Ne5 27.Bxe5 Qxe5 28.Rc2 Rd8 29.a3 a5
30.bxa5 Bxa5 31.a4 Ba6 32.axb5 Bxb5 33.Qc1 Bd3 34.Rc5 Rd5 35.Rxa5  1-0